000
00437nam a2200181Ia 4500
008
100917s9999 xx 000 0 und d
082
_b
4004
100
_a
माडखोलकर गजानन त्र्यंबक
245
_a
अनघा
260
_b
---
_c
1950
300
_a
238
365
_b
5
520
_a
कथा
630
_a
अनघा
650
_a
कथा
730
_a
अनघा
942
_c
BOOK
999
_c
609398
_d
609395